[Event "Veliko Gradiste Silver Lake op-A"]
[Site "Veliko Gradiste"]
[Date "2022.06.26"]
[Round "9"]
[White "Thrish, Karthik"]
[Black "Shivika, Rohilla"]
[Result "1-0"]
[WhiteElo "2095"]
[BlackElo "1897"]
[PlyCount "117"]
[EventDate "2022.06.19"]
[EventType "swiss"]
[EventRounds "9"]
[EventCountry "SRB"]
[SourceTitle "CBM 209 Extra"]
[Source "ChessBase"]
[SourceDate "2022.09.30"]
[SourceVersion "1"]
[SourceVersionDate "2022.09.30"]
[SourceQuality "1"]

1. e4 e5 2. Nf3 Nc6 3. Bb5 a6 4. Ba4 Nf6 5. 0-0 Nxe4 6. d4 b5 7. Bb3 d5 8. dxe5 Be6 9. Nbd2 Nc5 10. c3 Be7 11. Bc2 d4 12. Nb3 d3 13. Bb1 Nxb3 14. axb3 Bf5 15. Be3 0-0 16. Bd4 Qd5 17. b4 Bxb4 18. Bxd3 Nxd4 19. Bxf5 Nxf3+ 20. Qxf3 Qxf3 21. gxf3 Bc5 22. b4 Bb6 23. Be4 Ra7 24. Bc6 Rd8 25. Rfd1 Rxd1+ 26. Rxd1 g6 27. Rd8+ Kg7 28. Rd7 Kf8 29. Rd8+ Kg7 30. Rd7 Kf8 31. f4 h6 32. Kg2 a5 33. bxa5 Rxa5 34. Bd5 c6 35. Bxc6 Ra7 36. Rxa7 Bxa7 37. Bxb5 Ke7 38. Bd3 Ke6 39. Kf3 Kd5 40. Bb1 g5 41. Ba2+ Kc6 42. fxg5 hxg5 43. Bxf7 Kd7 44. Bd5 Ke7 45. h3 Bc5 46. Kg4 Bxf2 47. Kxg5 Be3+ 48. Kg4 Bd2 49. c4 Bc3 50. Kf5 Bd4 51. h4 Bf2 52. h5 Be3 53. Ke4 Bh6 54. c5 Kd7 55. c6+ Kc7 56. Kf5 Bg7 57. e6 Kd6 58. Kg6 Be5 59. Kf7 1-0

[Event "Veliko Gradiste Silver Lake op-A"]
[Site "Veliko Gradiste"]
[Date "2022.06.22"]
[Round "5"]
[White "Thrish, Karthik"]
[Black "Creanga, Robert Ionut"]
[Result "0-1"]
[WhiteElo "2095"]
[BlackElo "2201"]
[PlyCount "72"]
[EventDate "2022.06.19"]
[EventType "swiss"]
[EventRounds "9"]
[EventCountry "SRB"]
[SourceTitle "CBM 209 Extra"]
[Source "ChessBase"]
[SourceDate "2022.09.30"]
[SourceVersion "1"]
[SourceVersionDate "2022.09.30"]
[SourceQuality "1"]

1. e4 c5 2. Nc3 Nc6 3. Bb5 Nd4 4. Nf3 e6 5. 0-0 a6 6. Bd3 Nc6 7. Re1 g5 8. Kh1 d6 9. a4 h5 10. Bc4 Bh6 11. d3 g4 12. Ng1 Nf6 13. Bxh6 Rxh6 14. Qd2 Rg6 15. Nge2 Ne5 16. Bb3 Bd7 17. d4 cxd4 18. Qxd4 Qc7 19. Rad1 Ke7 20. Nf4 Rg5 21. Rd2 Qc5 22. Red1 Rc8 23. Kg1 Ne8 24. Re1 h4 25. Qe3 Qxe3 26. Rxe3 h3 27. Nd3 hxg2 28. Nxe5 Rxe5 29. Kxg2 Nf6 30. f4 gxf3+ 31. Kxf3 Bc6 32. Rg2 Rh8 33. Bc4 Rh3+ 34. Rg3 Rxh2 35. Rg1 Rh3+ 36. Kf2 Rxe3 0-1

[Event "Veliko Gradiste Silver Lake op-A"]
[Site "Veliko Gradiste"]
[Date "2022.06.19"]
[Round "1"]
[White "Thrish, Karthik"]
[Black "Damljanovic, Branko"]
[Result "0-1"]
[WhiteElo "2095"]
[BlackElo "2469"]
[PlyCount "104"]
[EventDate "2022.06.19"]
[EventType "swiss"]
[EventRounds "9"]
[EventCountry "SRB"]
[SourceTitle "CBM 209 Extra"]
[Source "ChessBase"]
[SourceDate "2022.09.30"]
[SourceVersion "1"]
[SourceVersionDate "2022.09.30"]
[SourceQuality "1"]

1. e4 c5 2. Nc3 Nc6 3. Bb5 Nd4 4. Nf3 e6 5. 0-0 a6 6. Bd3 Nc6 7. Re1 d6 8. b3 Be7 9. Bb2 e5 10. Nd5 Nf6 11. Nxf6+ Bxf6 12. Bc4 0-0 13. h3 Rb8 14. c3 b5 15. Bd5 Ne7 16. c4 g6 17. Qc2 Bg7 18. b4 Nxd5 19. cxd5 cxb4 20. d4 f6 21. Rac1 Bh6 22. Rb1 Bd7 23. Qb3 a5 24. Bc1 Bxc1 25. Rbxc1 Qb6 26. Rc2 Rbc8 27. Rec1 Kg7 28. Qe3 Rxc2 29. Rxc2 Rc8 30. Rxc8 Bxc8 31. dxe5 Qxe3 32. fxe3 dxe5 33. Nd2 a4 34. Kf2 Kf7 35. Ke2 Ke7 36. Kd3 Kd6 37. g4 h5 38. gxh5 gxh5 39. h4 Bh3 40. Kc2 Kc5 41. Kd3 Bg2 42. Kc2 f5 43. exf5 Bxd5 44. Kb2 e4 45. Kb1 Kd6 46. Nf1 Ke5 47. Ng3 Bf7 48. Kb2 a3+ 49. Kb1 b3 50. axb3 Bxb3 51. Ne2 Bc4 52. Nd4 b4 0-1

[Event "Hofheim Spring op 7th"]
[Site "Hofheim"]
[Date "2019.04.25"]
[Round "4"]
[White "Foerster Yialamas, Lucas"]
[Black "Thrish, Karthik"]
[Result "1/2-1/2"]
[WhiteElo "1934"]
[BlackElo "2096"]
[PlyCount "69"]
[EventDate "2019.04.23"]
[EventType "swiss"]
[EventRounds "9"]
[EventCountry "GER"]
[SourceTitle "CBM 190 Extra"]
[Source "ChessBase"]
[SourceDate "2019.07.15"]
[SourceVersion "1"]
[SourceVersionDate "2019.07.15"]
[SourceQuality "1"]

1. e4 e5 2. Nf3 d6 3. d4 exd4 4. Nxd4 Nf6 5. Nc3 Be7 6. Be2 0-0 7. 0-0 Re8 8. f4 Bf8 9. Bf3 c5 10. Nb3 Nc6 11. Be3 Bd7 12. Bf2 a6 13. a4 Rb8 14. a5 Be6 15. Nd5 Bxd5 16. exd5 Ne7 17. c4 Ng6 18. g3 Qd7 19. Qc2 Ng4 20. Rfe1 Nxf2 21. Qxf2 Rxe1+ 22. Qxe1 Re8 23. Qd2 Be7 24. Kg2 Bf6 25. h3 Qe7 26. Kf2 Nf8 27. Bg4 Ng6 28. Bf3 Nf8 29. Bg4 Ng6 30. Bf3 Bh4 31. Rg1 Bf6 32. Ra1 Bh4 33. Rg1 Bf6 34. Ra1 Bh4 35. Rg1 1/2-1/2

[Event "Dubai op 21st"]
[Site "Dubai"]
[Date "2019.04.08"]
[Round "8"]
[White "Thrish, Karthik"]
[Black "Akash, G."]
[Result "0-1"]
[WhiteElo "2096"]
[BlackElo "2411"]
[PlyCount "88"]
[EventDate "2019.04.01"]
[EventType "swiss"]
[EventRounds "9"]
[EventCountry "UAE"]
[SourceTitle "CBM 189 Extra"]
[Source "ChessBase"]
[SourceDate "2019.06.03"]
[SourceVersion "1"]
[SourceVersionDate "2019.06.03"]
[SourceQuality "1"]

1. Nf3 Nf6 2. c4 d6 3. d4 g6 4. Nc3 Bg7 5. e4 0-0 6. h3 e5 7. dxe5 dxe5 8. Be3 Nbd7 9. Be2 Nh5 10. Bg5 Bf6 11. Bh6 Re8 12. 0-0 c6 13. Qd2 Qc7 14. Rfd1 Nf4 15. Bf1 Ne6 16. Be3 a5 17. Rac1 Ndc5 18. Qc2 b6 19. b3 Bb7 20. a3 a4 21. b4 Nb3 22. Nxa4 Nxc1 23. Bxb6 Qb8 24. Rxc1 Bc8 25. c5 Nd4 26. Nxd4 exd4 27. Ba5 Bd8 28. Bxd8 Rxd8 29. Nb6 Rxa3 30. Qb2 Ra7 31. Rd1 Qe5 32. Nxc8 Rxc8 33. Rxd4 Rd7 34. Rd2 Qxb2 35. Rxb2 Rb8 36. f3 Rd1 37. Kf2 Rc1 38. Bd3 Rxc5 39. Ke3 Rc3 40. Kd4 Rc1 41. Bc2 c5+ 42. Ke5 cxb4 43. Kf6 Rb6+ 44. Kg5 Kg7 0-1

[Event "Dubai op 21st"]
[Site "Dubai"]
[Date "2019.04.01"]
[Round "1"]
[White "Can, Emre"]
[Black "Thrish, Karthik"]
[Result "1-0"]
[WhiteElo "2586"]
[BlackElo "2096"]
[PlyCount "79"]
[EventDate "2019.04.01"]
[EventType "swiss"]
[EventRounds "9"]
[EventCountry "UAE"]
[SourceTitle "CBM 189 Extra"]
[Source "ChessBase"]
[SourceDate "2019.06.03"]
[SourceVersion "1"]
[SourceVersionDate "2019.06.03"]
[SourceQuality "1"]

1. d4 d5 2. c4 dxc4 3. Nf3 a6 4. e3 b5 5. a4 Bb7 6. b3 e6 7. bxc4 bxc4 8. Bxc4 Nf6 9. Nbd2 Nbd7 10. Qb3 Ra7 11. 0-0 Be7 12. Ba3 Bxa3 13. Qxa3 Qe7 14. Nb3 Qxa3 15. Rxa3 0-0 16. Rc1 Bd5 17. Bd3 Rb8 18. Na5 Rb4 19. Ne1 e5 20. f3 exd4 21. e4 Be6 22. Nc6 Rbb7 23. Nxa7 Rxa7 24. Raa1 c5 25. Rab1 g5 26. Bc4 Ne8 27. e5 Rc7 28. Bxa6 c4 29. Nc2 d3 30. Ne3 Nxe5 31. Rb8 Kf8 32. Bb5 Nd7 33. Bxd7 Rxd7 34. Nd1 Ke7 35. Kf2 Nd6 36. a5 Ra7 37. Ra1 Bc8 38. Nc3 Bb7 39. a6 Bc8 40. Rb6 1-0

[Event "Sharjah Masters 3rd"]
[Site "Sharjah"]
[Date "2019.03.23"]
[Round "2"]
[White "Thrish, Karthik"]
[Black "Harsha, Bharathakoti"]
[Result "1/2-1/2"]
[WhiteElo "2096"]
[BlackElo "2497"]
[PlyCount "161"]
[EventDate "2019.03.22"]
[EventType "swiss"]
[EventRounds "9"]
[EventCountry "UAE"]
[SourceTitle "CBM 189 Extra"]
[Source "ChessBase"]
[SourceDate "2019.06.03"]
[SourceVersion "1"]
[SourceVersionDate "2019.06.03"]
[SourceQuality "1"]

1. Nf3 Nf6 2. c4 b6 3. g3 Bb7 4. Bg2 g6 5. b3 Bg7 6. Bb2 0-0 7. 0-0 c5 8. Nc3 d6 9. d4 cxd4 10. Nxd4 Bxg2 11. Kxg2 Qd7 12. Qd3 Rc8 13. Nd5 Na6 14. Nxf6+ Bxf6 15. Qf3 Bg7 16. Rab1 Nb4 17. a3 Na6 18. Nb5 Nc5 19. Bxg7 Kxg7 20. Rfd1 Qc6 21. Qxc6 Rxc6 22. Nd4 Rc7 23. Nb5 Rb7 24. Nc3 a6 25. b4 Nd7 26. Nd5 Kf8 27. Rbc1 Rc8 28. Rc2 Ne5 29. Rdc1 e6 30. Ne3 Ke7 31. f4 Nd7 32. g4 h6 33. Rd1 f5 34. Rcd2 Rc6 35. Kf3 b5 36. gxf5 gxf5 37. Rc2 Ra7 38. cxb5 Rxc2 39. Nxc2 axb5 40. Nd4 Rxa3+ 41. e3 Nf6 42. Nxb5 Rb3 43. Nxd6 Ng4 44. Nc4 Nxh2+ 45. Ke2 Ng4 46. Rh1 Rc3 47. Ne5 Rxe3+ 48. Kd2 Re4 49. Nxg4 fxg4 50. Rxh6 Rxf4 51. b5 Rb4 52. Kc3 Rxb5 53. Rg6 Rd5 54. Rxg4 Kf6 55. Rf4+ Kg5 56. Re4 Kf5 57. Re1 e5 58. Kc4 Rd4+ 59. Kc3 Rd8 60. Rf1+ Ke4 61. Re1+ Kf4 62. Rf1+ Kg3 63. Re1 Rd5 64. Kc4 Rd4+ 65. Kc3 Kf4 66. Rf1+ Ke4 67. Re1+ Kf5 68. Rf1+ Rf4 69. Re1 Rd4 70. Rf1+ Ke6 71. Rh1 Kd5 72. Ra1 Ke6 73. Rh1 Rd8 74. Re1 Rd5 75. Kc4 Kd6 76. Rh1 Rd4+ 77. Kc3 Kd5 78. Ra1 Rf4 79. Kd3 Rf3+ 80. Ke2 Rb3 81. Ra4 1/2-1/2

[Event "Sharjah Masters 3rd"]
[Site "Sharjah"]
[Date "2019.03.22"]
[Round "1"]
[White "Abdusattorov, Nodirbek"]
[Black "Thrish, Karthik"]
[Result "1/2-1/2"]
[WhiteElo "2560"]
[BlackElo "2096"]
[PlyCount "70"]
[EventDate "2019.03.22"]
[EventType "swiss"]
[EventRounds "9"]
[EventCountry "UAE"]
[SourceTitle "CBM 189 Extra"]
[Source "ChessBase"]
[SourceDate "2019.06.03"]
[SourceVersion "1"]
[SourceVersionDate "2019.06.03"]
[SourceQuality "1"]

1. e4 e5 2. Nf3 d6 3. d4 exd4 4. Nxd4 Nf6 5. Nc3 Be7 6. g3 d5 7. e5 Ng4 8. e6 Nf6 9. exf7+ Kxf7 10. Bg2 c6 11. 0-0 Re8 12. Re1 Bg4 13. Qd3 Nbd7 14. Qf1 Bc5 15. Rxe8 Qxe8 16. Be3 Qe5 17. Qd3 Qh5 18. Qd2 Ne5 19. Na4 Bxd4 20. Bxd4 Nf3+ 21. Bxf3 Bxf3 22. Qf4 Re8 23. Nc5 Re7 24. Nd3 Re4 25. Qc7+ Kg8 26. Bxf6 gxf6 27. Qb8+ Qe8 28. Qxb7 Qe6 29. Qb8+ Kg7 30. Qxa7+ Kg8 31. Qb8+ Kg7 32. Qc7+ Kg8 33. Qb8+ Kg7 34. Qa7+ Kg8 35. Qa8+ Kg7 1/2-1/2

[Event "Mumbai Wealth op 4th"]
[Site "Mumbai"]
[Date "2018.12.30"]
[Round "1"]
[White "Thrish, Karthik"]
[Black "Lugovskoy, Maxim"]
[Result "0-1"]
[WhiteElo "2168"]
[BlackElo "2445"]
[PlyCount "31"]
[EventDate "2018.12.30"]
[EventType "swiss"]
[EventRounds "9"]
[EventCountry "IND"]
[SourceTitle "CBM 188 Extra"]
[Source "ChessBase"]
[SourceDate "2019.02.26"]
[SourceVersion "1"]
[SourceVersionDate "2019.02.26"]
[SourceQuality "1"]

1. Nf3 d5 2. c4 e6 3. b3 c5 4. cxd5 exd5 5. Bb2 Nc6 6. g3 d4 7. Bg2 Nf6 8. 0-0 Be7 9. d3 0-0 10. Nbd2 Re8 11. Nc4 Nd5 12. e4 dxe3 13. fxe3 Nf6 14. d4 cxd4 15. Nxd4 Nxd4 16. Qxd4 0-1

[Event "Hoogeveen op 22nd"]
[Site "Hoogeveen"]
[Date "2018.10.22"]
[Round "3"]
[White "Thrish, Karthik"]
[Black "Emans, Job"]
[Result "1-0"]
[WhiteElo "2116"]
[BlackElo "1927"]
[PlyCount "71"]
[EventDate "2018.10.20"]
[EventType "swiss"]
[EventRounds "9"]
[EventCountry "NED"]
[SourceTitle "CBM 187 Extra"]
[Source "ChessBase"]
[SourceDate "2018.11.04"]
[SourceVersion "1"]
[SourceVersionDate "2018.11.04"]
[SourceQuality "1"]

1. e4 e6 2. d4 d5 3. Nc3 Nf6 4. Bg5 Be7 5. e5 Nfd7 6. Bxe7 Qxe7 7. Nb5 Qd8 8. c3 a6 9. Na3 c5 10. Bd3 Nc6 11. Qg4 0-0 12. Nf3 h6 13. 0-0 b5 14. Nc2 c4 15. Be2 a5 16. a3 Qe7 17. Nh4 Nb6 18. f4 Na4 19. Rab1 b4 20. Rf3 Rb8 21. Rg3 f5 22. Qh5 Kh7 23. Ng6 Qf7 24. Nxf8+ Qxf8 25. axb4 axb4 26. cxb4 Nxb4 27. Nxb4 Rxb4 28. b3 c3 29. Rc1 Rxb3 30. Bd1 Rb4 31. Bxa4 Rxa4 32. Qg6+ Kh8 33. Rgxc3 Ba6 34. Rc7 Rxd4 35. Qxe6 Rxf4 36. Qxa6 1-0

[Event "Pardubice Czech op-A 29th"]
[Site "Pardubice"]
[Date "2018.07.20"]
[Round "1"]
[White "Thrish, Karthik"]
[Black "Chekletsov, Ilya"]
[Result "0-1"]
[WhiteElo "2145"]
[BlackElo "2395"]
[PlyCount "80"]
[EventDate "2018.07.20"]
[EventType "swiss"]
[EventRounds "9"]
[EventCountry "CZE"]
[SourceTitle "CBM 185 Extra"]
[Source "ChessBase"]
[SourceDate "2018.07.29"]
[SourceVersion "1"]
[SourceVersionDate "2018.07.29"]
[SourceQuality "1"]

1. e4 c5 2. Nf3 d6 3. d4 cxd4 4. Nxd4 Nf6 5. Nc3 g6 6. Be3 Bg7 7. f3 0-0 8. Qd2 Nc6 9. Bc4 Bd7 10. h4 Rc8 11. Bb3 h5 12. 0-0-0 Nxd4 13. Bxd4 b5 14. Bxf6 Bxf6 15. Qh6 e6 16. Rxd6 Qe7 17. Rhd1 Be8 18. f4 a5 19. Nd5 exd5 20. Bxd5 Rc5 21. e5 Rxd5 22. R1xd5 Bxh4 23. Rd3 Qa7 24. Rd1 Qe3+ 25. Kb1 Bg3 26. R6d4 Bc6 27. Rd8 Re8 28. e6 Qxe6 29. f5 Qxf5 30. Rxe8+ Bxe8 31. Qe3 Be5 32. Re1 f6 33. Qb3+ Kg7 34. Qe3 a4 35. Qa7+ Qd7 36. Qc5 Bf7 37. Qe3 Qd5 38. b3 axb3 39. axb3 b4 40. Qe4 Qa5 0-1

[Event "Warsaw Najdorf Memorial op-A 16th"]
[Site "Warsaw"]
[Date "2018.07.09"]
[Round "2"]
[White "Oglaza, Oskar"]
[Black "Thrish, Karthik"]
[Result "1-0"]
[WhiteElo "2344"]
[BlackElo "2145"]
[PlyCount "65"]
[EventDate "2018.07.08"]
[EventType "swiss"]
[EventRounds "9"]
[EventCountry "POL"]
[SourceTitle "CBM 185 Extra"]
[Source "ChessBase"]
[SourceDate "2018.07.29"]
[SourceVersion "1"]
[SourceVersionDate "2018.07.29"]
[SourceQuality "1"]

1. e4 Nf6 2. e5 Nd5 3. d4 d6 4. c4 Nb6 5. f4 dxe5 6. fxe5 c5 7. d5 e6 8. Nc3 exd5 9. cxd5 c4 10. d6 Nc6 11. Nf3 Bg4 12. Bf4 Qd7 13. Qd2 0-0-0 14. 0-0-0 Qf5 15. Qe3 Nb4 16. Rd2 Bxd6 17. exd6 Rhe8 18. Ne5 f6 19. d7+ Rxd7 20. Qc5+ Rc7 21. Qxc7+ Kxc7 22. Nb5+ Kc8 23. Nd6+ Kb8 24. Nxf5 fxe5 25. Nd6 Re6 26. Be3 N6d5 27. Bc5 e4 28. Bxc4 e3 29. Rxd5 Nxd5 30. Bxd5 Re5 31. Bxe3 Rxe3 32. Nc4 Rd3 33. Ne5 1-0

[Event "Voronezh op-A 22nd"]
[Site "Voronezh"]
[Date "2018.06.20"]
[Round "8"]
[White "Thrish, Karthik"]
[Black "Lazarov, Alexander1111"]
[Result "0-1"]
[WhiteElo "2111"]
[BlackElo "2389"]
[PlyCount "68"]
[EventDate "2018.06.12"]
[EventType "swiss"]
[EventRounds "9"]
[EventCountry "RUS"]
[SourceTitle "CBM 185 Extra"]
[Source "ChessBase"]
[SourceDate "2018.07.29"]
[SourceVersion "1"]
[SourceVersionDate "2018.07.29"]
[SourceQuality "1"]

1. e4 c6 2. d4 d5 3. exd5 cxd5 4. Nf3 Nc6 5. Be2 Nf6 6. 0-0 Bg4 7. Bf4 Bxf3 8. Bxf3 Qb6 9. Nc3 Qxd4 10. Be3 Qxd1 11. Rfxd1 e6 12. Nb5 Rc8 13. c4 Ne5 14. cxd5 Nxf3+ 15. gxf3 Nxd5 16. Nxa7 Rc2 17. Rac1 Rxc1 18. Rxc1 Kd7 19. Nb5 Be7 20. Kf1 Ra8 21. a3 Bf6 22. Bd4 Bxd4 23. Nxd4 Ra4 24. Nb5 Rh4 25. Kg1 Rh3 26. Nd4 g6 27. Rd1 Ke7 28. Rd3 Rh5 29. Rb3 b6 30. Nc2 Nf4 31. Rb4 Nd5 32. Rb3 Kd6 33. Ne3 Kc5 34. Rd3 Re5 0-1